<?xml version="1.0" encoding="UTF-8"?>
<record
    xmlns:xsi="http://www.w3.org/2001/XMLSchema-instance"
    xsi:schemaLocation="http://www.loc.gov/MARC21/slim http://www.loc.gov/standards/marcxml/schema/MARC21slim.xsd"
    xmlns="http://www.loc.gov/MARC21/slim">

  <leader>00998nam0a2200241   4500</leader>
  <controlfield tag="001">RU\NLR\BIBL_A\011294241</controlfield>
  <controlfield tag="005">20260406072844.0</controlfield>
  <datafield tag="035" ind1=" " ind2=" ">
    <subfield code="a">(NLR Aleph) 011294241</subfield>
  </datafield>
  <datafield tag="090" ind1=" " ind2=" ">
    <subfield code="a">13414297</subfield>
    <subfield code="c">13414297</subfield>
  </datafield>
  <datafield tag="100" ind1=" " ind2=" ">
    <subfield code="a">20161217d1986    |||y0rusy50      ca</subfield>
  </datafield>
  <datafield tag="101" ind1="0" ind2=" ">
    <subfield code="a">alt</subfield>
  </datafield>
  <datafield tag="102" ind1=" " ind2=" ">
    <subfield code="a">RU</subfield>
  </datafield>
  <datafield tag="105" ind1=" " ind2=" ">
    <subfield code="a">c   z   000 y</subfield>
  </datafield>
  <datafield tag="200" ind1="1" ind2=" ">
    <subfield code="a">J&#x430;&#x441;&#x43A;&#x44B; &#x447;&#x435;&#x447;&#x435;&#x43A;&#x442;&#x435;&#x440;-&#x43A;&#x4F1;&#x441;&#x43A;&#x438; j&#x44B;&#x43B;&#x434;&#x44B;&#x441;&#x442;&#x430;&#x440;</subfield>
    <subfield code="e">&#x4F1;&#x43B;&#x433;&#x435;&#x440;&#x43B;&#x435;&#x440;, &#x43A;&#x43E;&#x436;&#x43E;&#x4A5;&#x434;&#x43E;&#x440;, &#x442;&#x443;&#x443;j&#x44B;&#x43B;&#x430;&#x440;</subfield>
    <subfield code="f">&#x411;&#x43E;&#x440;&#x438;&#x441; &#x423;&#x43A;&#x430;&#x447;&#x438;&#x43D;</subfield>
  </datafield>
  <datafield tag="210" ind1=" " ind2=" ">
    <subfield code="a">&#x413;&#x43E;&#x440;&#x43D;&#x43E;-&#x410;&#x43B;&#x442;&#x430;&#x439;&#x441;&#x43A;</subfield>
    <subfield code="c">&#x410;&#x43B;&#x442;. &#x431;&#x438;&#x447;&#x438;&#x43A;&#x442;&#x435;&#x440; &#x447;&#x44B;&#x433;. &#x438;&#x437;&#x434;. &#x422;&#x443;&#x443;&#x43B;&#x443; &#x410;&#x43B;&#x442;. &#x431;&#x4E7;&#x43B;&#x4F1;&#x433;&#x438;</subfield>
    <subfield code="d">1986</subfield>
  </datafield>
  <datafield tag="215" ind1=" " ind2=" ">
    <subfield code="a">310 &#x441;.</subfield>
    <subfield code="c">&#x43F;&#x43E;&#x440;&#x442;&#x440;.</subfield>
    <subfield code="d">17</subfield>
  </datafield>
  <datafield tag="541" ind1="1" ind2=" ">
    <subfield code="a">&#x412;&#x435;&#x441;&#x435;&#x43D;&#x43D;&#x438;&#x435;&#x446;&#x432;&#x435;&#x442;&#x44B;-&#x43E;&#x441;&#x435;&#x43D;&#x43D;&#x438;&#x435; &#x437;&#x432;&#x435;&#x437;&#x434;&#x44B;</subfield>
    <subfield code="e">&#x441;&#x442;&#x438;&#x445;&#x438; &#x438; &#x43F;&#x43E;&#x44D;&#x43C;&#x44B;</subfield>
  </datafield>
  <datafield tag="686" ind1="1" ind2=" ">
    <subfield code="a">&#x428;6(2=&#x410;&#x43B;&#x442;)7-5</subfield>
  </datafield>
  <datafield tag="700" ind1=" " ind2="1">
    <subfield code="4">070</subfield>
    <subfield code="8">rus</subfield>
    <subfield code="7">ca</subfield>
    <subfield code="a">&#x423;&#x43A;&#x430;&#x447;&#x438;&#x43D;</subfield>
    <subfield code="c">&#x430;&#x43B;&#x442;&#x430;&#x439;&#x441;&#x43A;&#x438;&#x439; &#x43F;&#x438;&#x441;&#x430;&#x442;&#x435;&#x43B;&#x44C;</subfield>
    <subfield code="b">&#x411;.&#x423;.</subfield>
    <subfield code="f">1936-2003</subfield>
    <subfield code="g">&#x411;&#x43E;&#x440;&#x438;&#x441; &#x423;&#x43A;&#x430;&#x447;&#x438;&#x43D;&#x43E;&#x432;&#x438;&#x447;</subfield>
    <subfield code="3">RU\NLR\auth-onl\77598</subfield>
    <subfield code="9">130654</subfield>
  </datafield>
  <datafield tag="852" ind1=" " ind2=" ">
    <subfield code="a">NLR</subfield>
    <subfield code="b">&#x41E;&#x41D;&#x41B;</subfield>
    <subfield code="j">&#x410;&#x43B;&#x442;./2-851</subfield>
  </datafield>
  <datafield tag="942" ind1=" " ind2=" ">
    <subfield code="c">BOOK</subfield>
  </datafield>
  <datafield tag="980" ind1=" " ind2=" ">
    <subfield code="a">NB</subfield>
  </datafield>
  <datafield tag="995" ind1=" " ind2=" ">
    <subfield code="5">2016-12-17</subfield>
    <subfield code="a">ad</subfield>
    <subfield code="b">NLR01</subfield>
    <subfield code="c">NLR01</subfield>
    <subfield code="e">ONL</subfield>
    <subfield code="f">1-1442992</subfield>
    <subfield code="k">&#x41E;&#x41D;&#x41B; &#x410;&#x43B;&#x442;./2-851</subfield>
    <subfield code="o">0</subfield>
    <subfield code="p">0.00</subfield>
    <subfield code="r">BOOK</subfield>
    <subfield code="s">_2851</subfield>
  </datafield>
</record>
